Faculty of Law Library — Cairo University

Official Online Catalog

The international law of investment claims / (Record no. 66604)

MARC details
000 -LEADER
fixed length control field 02145cam a2200373 i 4500
003 - CONTROL NUMBER IDENTIFIER
control field EG-GICUC
005 - DATE AND TIME OF LATEST TRANSACTION
control field 20260324121342.0
008 - FIXED-LENGTH DATA ELEMENTS--GENERAL INFORMATION
fixed length control field 090220s2009 enk frb 001 0 eng d
020 ## - INTERNATIONAL STANDARD BOOK NUMBER
International Standard Book Number 9780521855679
020 ## - INTERNATIONAL STANDARD BOOK NUMBER
International Standard Book Number 0521855675
040 ## - CATALOGING SOURCE
Original cataloging agency DLC
Transcribing agency DLC
Modifying agency BTCTA
-- YDXCP
-- BWKUK
-- BWK
-- BWX
-- BOP
-- CDX
-- DLC
-- EG-GICUC
Language of cataloging eng
Description conventions rda
050 00 - LIBRARY OF CONGRESS CALL NUMBER
Classification number K3830
Item number .D68 2009
082 00 - DEWEY DECIMAL CLASSIFICATION NUMBER
Classification number 341.79
Edition number 21
092 04 - LOCALLY ASSIGNED DEWEY CALL NUMBER (OCLC)
Edition number 21
099 ## - LOCAL FREE-TEXT CALL NUMBER (OCLC)
Classification number Law 12 2009
100 1# - MAIN ENTRY--PERSONAL NAME
Personal name Douglas, Zachary.
245 14 - TITLE STATEMENT
Title The international law of investment claims /
Statement of responsibility, etc. Zachary Douglas.
264 ## - PRODUCTION, PUBLICATION, DISTRIBUTION, MANUFACTURE, AND COPYRIGHT NOTICE
Place of production, publication, distribution, manufacture Cambridge, UK ;
-- New York :
Name of producer, publisher, distributor, manufacturer Cambridge University Press,
Date of production, publication, distribution, manufacture, or copyright notice 2009.
300 ## - PHYSICAL DESCRIPTION
Extent lxvii, 616 pages ;
Dimensions 24 cm.
336 ## - CONTENT TYPE
Content type term text
Source rdacontent
337 ## - MEDIA TYPE
Media type term Computer
Source rdamedia
338 ## - CARRIER TYPE
Carrier type term Online Resource
Source rdacarrier
504 ## - BIBLIOGRAPHY, ETC. NOTE
Bibliography, etc. note Includes bibliographical references and index.
505 0# - FORMATTED CONTENTS NOTE
Formatted contents note The juridical foundations of investment treaty arbitration -- Applicable laws -- Taxonomy of preliminary issues relating to jurisdiction and admissibility in investment treaty arbitration -- Consent to the arbitration of investment disputes -- Investment -- Jurisdiction ratione materiae -- Jurisdiction ratione personae -- Jurisdiction ratione temporis -- The obligation to accord most-favoured-nation treatment and the jurisdiction of an investment treaty tribunal -- Admissibility : contractual choice of forum -- Admissibility : shareholder claims -- Admissibility : dispositions relating to the legal and beneficial ownership of the investment -- Admissability : denial of benefits.
650 #0 - SUBJECT ADDED ENTRY--TOPICAL TERM
Topical term or geographic name entry element Investments, Foreign (International law)
650 #0 - SUBJECT ADDED ENTRY--TOPICAL TERM
Topical term or geographic name entry element Investments, Foreign
General subdivision Law and legislation.
650 #0 - SUBJECT ADDED ENTRY--TOPICAL TERM
Topical term or geographic name entry element International commercial arbitration.
856 42 - ELECTRONIC LOCATION AND ACCESS
Uniform Resource Identifier <a href="https://fll.law.cu.edu.eg/fulltext/bks/ENGB12-00107.pdf">https://fll.law.cu.edu.eg/fulltext/bks/ENGB12-00107.pdf</a>
856 42 - ELECTRONIC LOCATION AND ACCESS
Materials specified Contributor biographical information
Uniform Resource Identifier <a href="http://www.loc.gov/catdir/enhancements/fy0906/2009007335-b.html">http://www.loc.gov/catdir/enhancements/fy0906/2009007335-b.html</a>
856 42 - ELECTRONIC LOCATION AND ACCESS
Materials specified Publisher description
Uniform Resource Identifier <a href="http://www.loc.gov/catdir/enhancements/fy0906/2009007335-d.html">http://www.loc.gov/catdir/enhancements/fy0906/2009007335-d.html</a>
856 41 - ELECTRONIC LOCATION AND ACCESS
Materials specified Table of contents only
Uniform Resource Identifier <a href="http://www.loc.gov/catdir/enhancements/fy0906/2009007335-t.html">http://www.loc.gov/catdir/enhancements/fy0906/2009007335-t.html</a>
905 ## - Cataloger and Reviser Names
Cataloger Name: Hend El khosy
942 ## - ADDED ENTRY ELEMENTS (KOHA)
Source of classification or shelving scheme Dewey Decimal Classification
Koha item type Books
Edition 21
Suppress in OPAC No
Holdings
Withdrawn status Lost status Source of classification or shelving scheme Damaged status Not for loan Collection Home library Current library Date acquired Total checkouts Full call number Barcode Date last seen Copy number Price effective from Koha item type Public note
    Dewey Decimal Classification     القانون الدولي الخاص جــــامعة القــاهرة مكتبة كلية الحقوق - فـرع الشيخ زايد 24.03.2026   Law2 12 341.79 DO . I 2009 1200107 C1 ENGB12-00107 24.03.2026 1 24.03.2026 Books 1730

© All rights reserved — Faculty of Law, Cairo University